Wiedza o państwach świata - prawda czy fałsz? - Statystyki

Ogólne statystyki
  • Ten quiz został rozwiązany 14 razy
  • Średni wynik to 12 z 20
Statystyki odpowiedzi
Zagadnienie Odpowiedź % Poprawnych
Niemcy są państwem z największą ilością sąsiadów w Europie jeśli nie uznamy Rosji do Europy i terytoriów zależnych Francji Prawda
88%
Egipt od Sudanu Południowego oddziela tylko jedno państwo Prawda
88%
Rumunia ma tyle samo sąsiadów co Syria Prawda
88%
Stolicą Litwy jest Kowno Fałsz
75%
Najwięcej quasi-państw jest w Azji Prawda
75%
Na Karaibach oprócz państw Europy terytoria zależne posiada tam też państwo spoza Europy Prawda
75%
Żadne państwo które graniczy z Polską przez wody terytorialne, nie dzieli z nią również granicy lądowej Fałsz
63%
Flaga Wysp Owczych to jedyna flaga ze wszystkich flag terytoriów zależnych na której są kolory, czerwony, biały i niebieski Fałsz
63%
Wszystkie wyspy Grecji leżą nad Morzem Egejskim Fałsz
63%
Żadne państwo w Europie nie graniczy z Afryką Fałsz
63%
Izrael ma dostęp do Morza Czerwonego Prawda
63%
Gambia i Lesotho to jedyne państwa Afryki z jednym sąsiadem Prawda
63%
Zambia graniczy z Botswaną Prawda
63%
Wszyscy członkowie ONZ uznają Koreę Północną za państwo Fałsz
50%
Wszystkie byłe państwa Jugosławii mają na swojej fladze kolory pansłowiańskie (czerwony, biały i niebieski) Fałsz
50%
Jedynym państwem Ameryki Północnej które nie graniczy z Oceanem Atlantyckim jest Salwador Prawda
50%
Rosja była ostatnim państwem które opuściło ZSRR Fałsz
38%
Jedynymi flagami na których są kolory żółty, czerwony i czarny są flagi Niemiec i Belgii Fałsz
38%
Bośnia i Hercegowina ma 2 języki urzędowe Fałsz
25%
Flagi Rumunii i Czadu są do siebie identyczne Fałsz
13%
Nie znaleziono quizów pasujących do podanych kryteriów
Rozkład punktacji
Procent ludzi z każdym wynikiem
Percentyl według liczby udzielonych odpowiedzi
Twoja historia wyników
Nie rozwiązałeś tego quizu